[Event "Luiz Rego Memorial 5th"]
[Site "Teresina"]
[Date "2017.08.06"]
[Round "5"]
[White "Rocha, Vitor Firmo de Souz"]
[Black "Barbosa, Evandro Amorim"]
[Result "1/2-1/2"]
[WhiteElo "2212"]
[BlackElo "2509"]
[PlyCount "24"]
[EventDate "2017.08.04"]
[EventType "swiss"]
[EventRounds "6"]
[EventCountry "BRA"]
[SourceTitle "CBM 180 Extra"]
[Source "ChessBase"]
[SourceDate "2017.10.06"]
[SourceVersion "1"]
[SourceVersionDate "2017.10.06"]
[SourceQuality "1"]

1. e4 c5 2. Nf3 e6 3. d4 cxd4 4. Nxd4 Nc6 5. Nb5 d6 6. c4 Nf6 7. N1c3 a6 8. Na3
b6 9. Be2 Bb7 10. O-O Nb8 11. Qd4 Nbd7 12. Be3 Be7 1/2-1/2

[Event "Luiz Rego Memorial 5th"]
[Site "Teresina"]
[Date "2017.08.06"]
[Round "6"]
[White "Barbosa, Evandro Amorim"]
[Black "Brito, Luismar Jorge"]
[Result "1-0"]
[WhiteElo "2509"]
[BlackElo "2226"]
[PlyCount "32"]
[EventDate "2017.08.04"]
[EventType "swiss"]
[EventRounds "6"]
[EventCountry "BRA"]
[SourceTitle "CBM 180 Extra"]
[Source "ChessBase"]
[SourceDate "2017.10.06"]
[SourceVersion "1"]
[SourceVersionDate "2017.10.06"]
[SourceQuality "1"]

1. e4 c5 2. Nf3 d6 3. d4 cxd4 4. Nxd4 Nf6 5. Nc3 a6 6. a4 Nc6 7. a5 Nxa5 8. Nd5
e6 9. Nxf6+ gxf6 10. Bd2 Nc6 11. Nxc6 bxc6 12. Bd3 h5 13. O-O h4 14. h3 Bb7 15.
Qe2 Qe7 16. Ra5 e5 1-0

[Event "Sao Sebastiao do Paraiso op 1st"]
[Site "Sao Sebastiao do Paraiso"]
[Date "2017.08.18"]
[Round "1"]
[White "Barbosa, Evandro Amorim"]
[Black "Mascarenhas, Alfredo C Viana"]
[Result "1-0"]
[WhiteElo "2509"]
[BlackElo "1836"]
[PlyCount "64"]
[EventDate "2017.08.18"]
[EventType "swiss"]
[EventRounds "6"]
[EventCountry "BRA"]
[SourceTitle "CBM 180 Extra"]
[Source "ChessBase"]
[SourceDate "2017.10.06"]
[SourceVersion "1"]
[SourceVersionDate "2017.10.06"]
[SourceQuality "1"]

1. e4 e6 2. d4 d5 3. Bd3 Nf6 4. e5 Nfd7 5. Nf3 c5 6. c3 Nc6 7. O-O Qb6 8. Nbd2
cxd4 9. cxd4 f6 10. exf6 Nxf6 11. b3 Bd6 12. Bb2 O-O 13. Ne5 Bd7 14. Ndf3 Be8
15. Ng5 Nd8 16. Qe2 h6 17. Nh3 Bxe5 18. dxe5 Ne4 19. Bxe4 dxe4 20. Qxe4 Bc6 21.
Qg4 Qc7 22. Nf4 Qf7 23. Ng6 Re8 24. Rad1 Bd5 25. Rfe1 Rc8 26. Rd2 Kh7 27. Nf4
Bc6 28. Ba3 a6 29. h4 g6 30. h5 g5 31. Ng6 Bd5 32. Rxd5 Rc2 1-0

[Event "Sao Sebastiao do Paraiso op 1st"]
[Site "Sao Sebastiao do Paraiso"]
[Date "2017.08.18"]
[Round "2"]
[White "Domingues, Jair Vicente"]
[Black "Barbosa, Evandro Amorim"]
[Result "0-1"]
[WhiteElo "1995"]
[BlackElo "2509"]
[PlyCount "82"]
[EventDate "2017.08.18"]
[EventType "swiss"]
[EventRounds "6"]
[EventCountry "BRA"]
[SourceTitle "CBM 180 Extra"]
[Source "ChessBase"]
[SourceDate "2017.10.06"]
[SourceVersion "1"]
[SourceVersionDate "2017.10.06"]
[SourceQuality "1"]

1. d4 Nf6 2. Nf3 g6 3. c4 Bg7 4. Nc3 d5 5. e3 O-O 6. Qb3 e6 7. Be2 b6 8. cxd5
exd5 9. O-O Bb7 10. Ne5 Nbd7 11. Rd1 c6 12. Nxd7 Qxd7 13. Bf3 Rfe8 14. Qc2 Qe6
15. Bd2 Bf8 16. Re1 c5 17. dxc5 bxc5 18. Rad1 Rac8 19. b3 Bd6 20. Bc1 Ba8 21.
Ba3 h5 22. Na4 Qe7 23. Nc3 Qe5 24. g3 Bc6 25. Bb2 Qe6 26. Qd3 Be5 27. Qe2 Qf5
28. Bg2 d4 29. Bxc6 Rxc6 30. exd4 Bxd4 31. Qd2 Rce6 32. Rxe6 Rxe6 33. Nb5 Bxb2
34. Qxb2 h4 35. Qd2 Qf3 36. gxh4 Re2 37. Qd8+ Kg7 38. Rf1 Re4 39. Rd1 Rg4+ 40.
Kf1 Rg2 41. Qd2 Rxh2 0-1

[Event "Sao Sebastiao do Paraiso op 1st"]
[Site "Sao Sebastiao do Paraiso"]
[Date "2017.08.19"]
[Round "3"]
[White "Barbosa, Evandro Amorim"]
[Black "Brito, Luismar Jorge"]
[Result "1-0"]
[WhiteElo "2509"]
[BlackElo "2226"]
[PlyCount "75"]
[EventDate "2017.08.18"]
[EventType "swiss"]
[EventRounds "6"]
[EventCountry "BRA"]
[SourceTitle "CBM 180 Extra"]
[Source "ChessBase"]
[SourceDate "2017.10.06"]
[SourceVersion "1"]
[SourceVersionDate "2017.10.06"]
[SourceQuality "1"]

1. e4 c5 2. Nf3 d6 3. d4 cxd4 4. Nxd4 Nf6 5. Nc3 a6 6. Be2 e5 7. Nb3 Be6 8. f4
Qc7 9. g4 b5 10. a3 h6 11. g5 hxg5 12. fxg5 Nfd7 13. Bg4 Nb6 14. Bxe6 fxe6 15.
Qg4 Qd7 16. O-O Nc6 17. g6 Nd8 18. Nd2 Be7 19. Nf3 Nc4 20. Ng5 Bf6 21. Nh7 Be7
22. b3 Qa7+ 23. Rf2 Qd4 24. Qg3 Na5 25. Bd2 Rc8 26. Rd1 Nac6 27. Bh6 Qa7 28.
Bxg7 Rg8 29. Nf6+ Bxf6 30. Bxf6 Nd4 31. Kh1 Qc5 32. Bxd8 Qxc3 33. Qh4 Kd7 34.
Qh7+ Kc6 35. Qxg8 Qe3 36. Qe8+ Kb7 37. Qd7+ Kb8 38. Qxd6+ 1-0

[Event "Sao Sebastiao do Paraiso op 1st"]
[Site "Sao Sebastiao do Paraiso"]
[Date "2017.08.19"]
[Round "4"]
[White "Borges, Guilherme Deola"]
[Black "Barbosa, Evandro Amorim"]
[Result "0-1"]
[WhiteElo "2204"]
[BlackElo "2509"]
[PlyCount "62"]
[EventDate "2017.08.18"]
[EventType "swiss"]
[EventRounds "6"]
[EventCountry "BRA"]
[SourceTitle "CBM 180 Extra"]
[Source "ChessBase"]
[SourceDate "2017.10.06"]
[SourceVersion "1"]
[SourceVersionDate "2017.10.06"]
[SourceQuality "1"]

1. d4 Nf6 2. c4 g6 3. Nc3 d5 4. Bf4 Bg7 5. e3 O-O 6. Rc1 c6 7. Bd3 Qa5 8. Qa4
Qxa4 9. Nxa4 dxc4 10. Be2 Nbd7 11. Nf3 Nd5 12. Bg5 h6 13. Bh4 b5 14. Nc3 Nxc3
15. Rxc3 e5 16. O-O exd4 17. Nxd4 Bb7 18. b3 c5 19. Nxb5 Bxc3 20. Nxc3 cxb3 21.
axb3 Nb6 22. Nb5 a6 23. Nc7 Rac8 24. Nxa6 c4 25. Nb4 cxb3 26. Rb1 Nd5 27. Nxd5
Bxd5 28. Bf6 Rc6 29. Bb2 Be4 30. Bf3 Bxb1 31. Bxc6 Rc8 0-1

[Event "Sao Sebastiao do Paraiso op 1st"]
[Site "Sao Sebastiao do Paraiso"]
[Date "2017.08.20"]
[Round "5"]
[White "Barbosa, Evandro Amorim"]
[Black "Matsuura, Everaldo"]
[Result "1/2-1/2"]
[WhiteElo "2509"]
[BlackElo "2462"]
[PlyCount "31"]
[EventDate "2017.08.18"]
[EventType "swiss"]
[EventRounds "6"]
[EventCountry "BRA"]
[SourceTitle "CBM 180 Extra"]
[Source "ChessBase"]
[SourceDate "2017.10.06"]
[SourceVersion "1"]
[SourceVersionDate "2017.10.06"]
[SourceQuality "1"]

1. e4 c5 2. Nf3 Nc6 3. Bb5 g6 4. Bxc6 bxc6 5. O-O Bg7 6. Re1 e5 7. b4 cxb4 8.
a3 Ne7 9. Bb2 d6 10. axb4 f5 11. Nc3 O-O 12. d4 fxe4 13. Nxe4 d5 14. Ned2 e4
15. Ne5 Nf5 16. Nf1 1/2-1/2

[Event "Sao Sebastiao do Paraiso op 1st"]
[Site "Sao Sebastiao do Paraiso"]
[Date "2017.08.20"]
[Round "6"]
[White "Gazel Pereira, Frederico"]
[Black "Barbosa, Evandro Amorim"]
[Result "0-1"]
[WhiteElo "2258"]
[BlackElo "2509"]
[PlyCount "146"]
[EventDate "2017.08.18"]
[EventType "swiss"]
[EventRounds "6"]
[EventCountry "BRA"]
[SourceTitle "CBM 180 Extra"]
[Source "ChessBase"]
[SourceDate "2017.10.06"]
[SourceVersion "1"]
[SourceVersionDate "2017.10.06"]
[SourceQuality "1"]

1. e4 e6 2. d4 d5 3. exd5 exd5 4. Bd3 c5 5. dxc5 Bxc5 6. Nf3 Nf6 7. O-O O-O 8.
Bg5 h6 9. Bh4 g5 10. Bg3 Ne4 11. Nc3 Nxg3 12. hxg3 Be6 13. Ne2 Nc6 14. c3 Qf6
15. Bc2 Rfe8 16. Ned4 Bg4 17. Qd3 Rad8 18. Rfe1 Bxf3 19. Nxf3 Rxe1+ 20. Rxe1 g4
21. Nd4 Nxd4 22. cxd4 Bxd4 23. Qf5 Qxf5 24. Bxf5 h5 25. Re7 Rd6 26. Re2 Rc6 27.
Bc2 Bxb2 28. Bb3 Rc1+ 29. Kh2 Bd4 30. Rd2 Bb6 31. Bxd5 Rf1 32. Bxb7 Bxf2 33.
Rd5 Bg1+ 34. Kh1 Bb6+ 35. Kh2 Kg7 36. Rxh5 Bg1+ 37. Kh1 Be3+ 38. Kh2 f5 39. Ba6
Rf2 40. Bb5 Kg6 41. Be8+ Kf6 42. a4 a6 43. Bd7 Rf1 44. Bc8 Kg6 45. Rh4 Bg1+ 46.
Kh1 Bd4+ 47. Kh2 a5 48. Ba6 Re1 49. Bd3 Bg1+ 50. Kh1 Bd4+ 51. Kh2 Bg1+ 52. Kh1
Bf2+ 53. Kh2 Bxg3+ 54. Kxg3 Re3+ 55. Kf2 Rxd3 56. g3 Rf3+ 57. Kg2 Ra3 58. Rh8
Rxa4 59. Rg8+ Kf7 60. Rc8 Ra2+ 61. Kf1 Ke6 62. Rc5 a4 63. Ra5 a3 64. Kg1 Kd6
65. Kf1 Kc6 66. Kg1 Kb6 67. Ra8 Kb5 68. Kf1 Kc4 69. Ra7 Kd3 70. Ra5 Ke4 71.
Ra4+ Kf3 72. Rf4+ Kxg3 73. Rxf5 Rb2 0-1

[Event "Caioba Telecom op"]
[Site "Caioba"]
[Date "2017.09.28"]
[Round "1"]
[White "Barbosa, Evandro Amorim"]
[Black "Bueno, Vinicius Nogueira"]
[Result "1-0"]
[WhiteElo "2517"]
[BlackElo "1769"]
[PlyCount "59"]
[EventDate "2017.09.28"]
[EventType "swiss"]
[EventRounds "6"]
[EventCountry "BRA"]
[SourceTitle "EXT 2018"]
[Source "ChessBase"]
[SourceDate "2017.10.13"]
[SourceVersion "1"]
[SourceVersionDate "2017.10.13"]
[SourceQuality "1"]

1. e4 c5 2. Nf3 d6 3. d4 cxd4 4. Nxd4 Nf6 5. Nc3 a6 6. a4 Nc6 7. a5 e6 8. Nb3
Be7 9. Be3 Bd7 10. Be2 Ne5 11. O-O Bc6 12. f4 Ned7 13. Bf3 O-O 14. Nd4 Qc7 15.
Qe2 Rfd8 16. g4 e5 17. Nxc6 Qxc6 18. g5 Ne8 19. f5 Rac8 20. f6 gxf6 21. Nd5 Bf8
22. Bh5 Qxc2 23. Qg4 Rc4 24. gxf6+ Kh8 25. Bxf7 Nexf6 26. Nxf6 Nxf6 27. Rxf6
Bg7 28. Bxc4 Bxf6 29. Bd5 Qd3 30. Re1 1-0

[Event "Caioba Telecom op"]
[Site "Caioba"]
[Date "2017.09.29"]
[Round "3"]
[White "Barbosa, Evandro Amorim"]
[Black "Bispo, Leonardo"]
[Result "1/2-1/2"]
[WhiteElo "2517"]
[BlackElo "2223"]
[PlyCount "78"]
[EventDate "2017.09.28"]
[EventType "swiss"]
[EventRounds "6"]
[EventCountry "BRA"]
[SourceTitle "EXT 2018"]
[Source "ChessBase"]
[SourceDate "2017.10.13"]
[SourceVersion "1"]
[SourceVersionDate "2017.10.13"]
[SourceQuality "1"]

1. g3 Nf6 2. Bg2 d5 3. Nf3 g6 4. O-O Bg7 5. d3 O-O 6. Nbd2 d4 7. Nb3 Nc6 8. e3
dxe3 9. Bxe3 Ng4 10. Bc1 Nge5 11. Nxe5 Nxe5 12. d4 Nc4 13. Qe2 Nd6 14. Bf4 Be6
15. d5 Bd7 16. c4 Re8 17. Rfd1 e5 18. Be3 Ba4 19. Rdc1 Bxb3 20. axb3 Nf5 21.
Bxa7 b6 22. d6 Nd4 23. Qd3 e4 24. Bxe4 Qxd6 25. c5 bxc5 26. Kg2 Rad8 27. Ra6
Qe5 28. Bf3 Ne6 29. Qc2 Bh6 30. Rd1 Rxd1 31. Qxd1 Qxb2 32. Bd5 Qe5 33. Bc4 Nd4
34. Qd3 Bf8 35. b4 Nf5 36. bxc5 Nd4 37. c6 Ne6 38. Be3 Nc5 39. Bxc5 Bxc5
1/2-1/2

[Event "Caioba Telecom op"]
[Site "Caioba"]
[Date "2017.09.29"]
[Round "4"]
[White "Gauche, Charles"]
[Black "Barbosa, Evandro Amorim"]
[Result "0-1"]
[WhiteElo "2234"]
[BlackElo "2517"]
[PlyCount "28"]
[EventDate "2017.09.28"]
[EventType "swiss"]
[EventRounds "6"]
[EventCountry "BRA"]
[SourceTitle "EXT 2018"]
[Source "ChessBase"]
[SourceDate "2017.10.13"]
[SourceVersion "1"]
[SourceVersionDate "2017.10.13"]
[SourceQuality "1"]

1. d4 Nf6 2. Nc3 d5 3. Bg5 Nbd7 4. e3 e6 5. Nf3 c5 6. Be2 Be7 7. O-O O-O 8. a3
b6 9. Ne1 Bb7 10. f4 a6 11. Nd3 b5 12. Ne5 Rc8 13. Rf3 Ne4 14. Bxe7 Qxe7 0-1

[Event "Caioba Telecom op"]
[Site "Caioba"]
[Date "2017.09.30"]
[Round "5"]
[White "Barbosa, Evandro Amorim"]
[Black "Menna Barreto, Felipe Kubiaki"]
[Result "1-0"]
[WhiteElo "2517"]
[BlackElo "2271"]
[PlyCount "53"]
[EventDate "2017.09.28"]
[EventType "swiss"]
[EventRounds "6"]
[EventCountry "BRA"]
[SourceTitle "EXT 2018"]
[Source "ChessBase"]
[SourceDate "2017.10.13"]
[SourceVersion "1"]
[SourceVersionDate "2017.10.13"]
[SourceQuality "1"]

1. g3 Nf6 2. Bg2 e5 3. c4 Be7 4. Nc3 O-O 5. e3 c6 6. d4 d6 7. Nge2 Nbd7 8. b3
exd4 9. Nxd4 Nb6 10. O-O a5 11. Qe2 Re8 12. h3 d5 13. Rd1 a4 14. Rb1 axb3 15.
axb3 Bb4 16. Bb2 Qe7 17. cxd5 Nbxd5 18. Nxd5 Nxd5 19. Ra1 Bd7 20. Qc2 g6 21.
Qd3 Rad8 22. Ra7 Qg5 23. e4 Bc5 24. Rxb7 Bc8 25. Nxc6 Nf4 26. Qxd8 Nxh3+ 27.
Kf1 1-0

[Event "I Machado de Assis Open"]
[Site "Joao Pessoa BRA"]
[Date "2019.11.15"]
[Round "1.15"]
[White "Barbosa, Eu"]
[Black "Espinola, Jose Mario"]
[Result "1-0"]
[WhiteElo "1961"]
[BlackElo "1588"]
[PlyCount "39"]
[EventDate "2019.11.15"]
[EventType "swiss"]
[EventRounds "6"]
[EventCountry "BRA"]
[SourceTitle "The Week in Chess 1306"]
[Source "Mark Crowther"]
[SourceDate "2019.11.18"]
[SourceVersion "1"]
[SourceVersionDate "2019.11.18"]
[SourceQuality "2"]

1. d4 Nf6 2. Bf4 d5 3. Nf3 e6 4. e3 Bd6 5. Bg3 a6 6. Nbd2 Nc6 7. c3 Qe7 8. Ne5
Nd8 9. Bd3 Bd7 10. Qe2 c5 11. f4 c4 12. Bc2 Nc6 13. Bh4 b5 14. e4 b4 15. Nxc6
Bxc6 16. e5 Bc7 17. exf6 gxf6 18. O-O bxc3 19. bxc3 f5 20. Bxe7 1-0

[Event "I Machado de Assis Open"]
[Site "Joao Pessoa BRA"]
[Date "2019.11.15"]
[Round "2.11"]
[White "Oliveira, Ornan Filipe De Ara"]
[Black "Barbosa, Eu"]
[Result "0-1"]
[WhiteElo "1739"]
[BlackElo "1961"]
[PlyCount "108"]
[EventDate "2019.11.15"]
[EventType "swiss"]
[EventRounds "6"]
[EventCountry "BRA"]
[SourceTitle "The Week in Chess 1306"]
[Source "Mark Crowther"]
[SourceDate "2019.11.18"]
[SourceVersion "1"]
[SourceVersionDate "2019.11.18"]
[SourceQuality "2"]

1. e4 e6 2. d4 d5 3. e5 c5 4. c3 Nc6 5. Nf3 Bd7 6. a3 c4 7. b4 cxb3 8. Qxb3 Na5
9. Qd1 Rc8 10. Bg5 Qc7 11. Be2 Ne7 12. O-O h6 13. Bf4 Nc4 14. Nfd2 Nxd2 15.
Qxd2 Nc6 16. c4 Na5 17. cxd5 Nb3 18. Qd3 Nxa1 19. dxe6 Bxe6 20. d5 Qc2 21. dxe6
Qxd3 22. exf7+ Kxf7 23. Bxd3 Nb3 24. Be4 Nc5 25. Bd5+ Kg6 26. Be3 b6 27. f4 Kf5
28. h3 h5 29. Nd2 Rd8 30. Bf3 Rd3 31. Kf2 Be7 32. Ke2 Rhd8 33. Bxh5 Rxa3 34.
Bf7 Rxe3+ 35. Kxe3 Rd3+ 36. Ke2 Rg3 37. Bd5 g5 38. Rf2 gxf4 39. Nf1 Rc3 40. e6
Rc2+ 41. Nd2 Ke5 42. Kd1 Rc1+ 43. Kxc1 Nd3+ 44. Kc2 Nxf2 45. Bb3 b5 46. Nf3+
Ke4 47. Nd2+ Ke3 48. Bd5 a5 49. Nf3 Bf6 50. h4 Nd3 51. Ba2 Nb4+ 52. Kb3 Nc6 53.
Kc2 a4 54. Bd5 Nb4+ 0-1

[Event "I Machado de Assis Open"]
[Site "Joao Pessoa BRA"]
[Date "2019.11.16"]
[Round "3.8"]
[White "Barbosa, Eu"]
[Black "Do Nascimento, Francinaldo Rodrig"]
[Result "1-0"]
[WhiteElo "1961"]
[BlackElo "1797"]
[PlyCount "65"]
[EventDate "2019.11.15"]
[EventType "swiss"]
[EventRounds "6"]
[EventCountry "BRA"]
[SourceTitle "The Week in Chess 1306"]
[Source "Mark Crowther"]
[SourceDate "2019.11.18"]
[SourceVersion "1"]
[SourceVersionDate "2019.11.18"]
[SourceQuality "2"]

1. d4 f5 2. Bg5 Nf6 3. Bxf6 exf6 4. e3 d5 5. h4 Bd6 6. Nh3 Be6 7. Bd3 Qe7 8.
Qf3 Qd7 9. Nf4 Bxf4 10. exf4 O-O 11. Nc3 a6 12. O-O Nc6 13. Ne2 Nb4 14. Rfe1
Rae8 15. Ng3 Nxd3 16. Qxd3 g6 17. Nf1 Qd6 18. g3 c5 19. dxc5 Qxc5 20. Rad1 Bf7
21. Rxe8 Rxe8 22. Ne3 Rd8 23. c3 Kg7 24. Nc2 g5 25. hxg5 fxg5 26. fxg5 Kg6 27.
Nd4 Qc8 28. f4 Re8 29. Nf3 Qc5+ 30. Qd4 Qxd4+ 31. cxd4 Kh5 32. Kf2 Kg4 33. Rh1
1-0

[Event "I Machado de Assis Open"]
[Site "Joao Pessoa BRA"]
[Date "2019.11.16"]
[Round "4.4"]
[White "Pinto, C."]
[Black "Barbosa, Eu"]
[Result "1/2-1/2"]
[WhiteElo "2139"]
[BlackElo "1961"]
[PlyCount "33"]
[EventDate "2019.11.15"]
[EventType "swiss"]
[EventRounds "6"]
[EventCountry "BRA"]
[SourceTitle "The Week in Chess 1306"]
[Source "Mark Crowther"]
[SourceDate "2019.11.18"]
[SourceVersion "1"]
[SourceVersionDate "2019.11.18"]
[SourceQuality "2"]

1. d4 Nf6 2. c4 g6 3. Nc3 d5 4. cxd5 Nxd5 5. e4 Nxc3 6. bxc3 Bg7 7. Nf3 O-O 8.
Be2 c5 9. Rb1 b6 10. O-O Qc7 11. Bb2 c4 12. Nd2 b5 13. f4 Nd7 14. Bc1 Rb8 15.
Qe1 Qa5 16. Nf3 Qxa2 17. Bd2 1/2-1/2

[Event "I Machado de Assis Open"]
[Site "Joao Pessoa BRA"]
[Date "2019.11.17"]
[Round "5.3"]
[White "Barbosa, Eu"]
[Black "Souza, R."]
[Result "0-1"]
[WhiteElo "1961"]
[BlackElo "2087"]
[PlyCount "102"]
[EventDate "2019.11.15"]
[EventType "swiss"]
[EventRounds "6"]
[EventCountry "BRA"]
[SourceTitle "The Week in Chess 1306"]
[Source "Mark Crowther"]
[SourceDate "2019.11.18"]
[SourceVersion "1"]
[SourceVersionDate "2019.11.18"]
[SourceQuality "2"]

1. d4 g6 2. Nf3 Bg7 3. c3 d6 4. Bg5 Nf6 5. Nbd2 b6 6. e4 Bb7 7. Bd3 Nbd7 8. O-O
e5 9. Re1 O-O 10. a4 a6 11. Qc2 Re8 12. d5 h6 13. Bh4 g5 14. Bg3 Nh5 15. b4 Nf4
16. Nc4 h5 17. Ne3 Nxd3 18. Qxd3 h4 19. Nf5 hxg3 20. fxg3 Nf8 21. Qe3 f6 22. g4
Bc8 23. g3 Ng6 24. Ra2 Rf8 25. h3 Bd7 26. Rh2 Kf7 27. Kf2 Rh8 28. Reh1 Ne7 29.
h4 Nxf5 30. exf5 gxh4 31. Rxh4 Qe7 32. Qe2 Bxa4 33. Rxh8 Rxh8 34. Ra1 Bb5 35.
c4 Bd7 36. Rxa6 e4 37. Nh4 Qe5 38. Ra7 Qd4+ 39. Kf1 Rc8 40. b5 Bh6 41. g5 Bg7
42. Qh5+ Kg8 43. gxf6 Qxf6 44. Kg2 Be8 45. Qg4 Qb2+ 46. Kh3 Qb1 47. Kh2 Bd7 48.
Ng6 Qb2+ 49. Kh1 Qf6 50. Qxe4 Re8 51. Qf4 Bxf5 0-1

[Event "1st Niteroi Chess Open"]
[Site "Niteroi BRA"]
[Date "2019.09.06"]
[Round "5.5"]
[White "Alboredo, Julia"]
[Black "Barbosa, Ev"]
[Result "0-1"]
[WhiteElo "2141"]
[BlackElo "2497"]
[PlyCount "102"]
[EventDate "2019.09.04"]
[EventType "swiss"]
[EventRounds "7"]
[EventCountry "BRA"]
[SourceTitle "The Week in Chess 1298"]
[Source "Mark Crowther"]
[SourceDate "2019.09.23"]
[SourceVersion "1"]
[SourceVersionDate "2019.09.23"]
[SourceQuality "2"]

1. e4 c5 2. Nf3 e6 3. d4 cxd4 4. Nxd4 Nc6 5. Nc3 Qc7 6. Be3 a6 7. Qf3 Bd6 8.
O-O-O Be5 9. g3 Nf6 10. Qe2 d6 11. Nxc6 bxc6 12. Na4 Nd7 13. f4 Bf6 14. Bg2 Be7
15. g4 Bb7 16. g5 Qa5 17. b3 c5 18. Kb1 Bc6 19. Nb2 Qc7 20. f5 a5 21. g6 hxg6
22. fxe6 fxe6 23. Qg4 Ne5 24. Qxe6 Bd7 25. Qd5 Bc6 26. Qe6 Qd7 27. Qxd7+ Bxd7
28. Bf4 Be6 29. Na4 c4 30. Nb6 Rb8 31. Nd5 a4 32. Nc7+ Kd7 33. Bxe5 Kxc7 34.
Bxg7 Rhg8 35. Bc3 axb3 36. cxb3 cxb3 37. a3 Rb5 38. Rhe1 Ra8 39. Bb4 Rxb4 40.
axb4 Ra2 41. Bf1 Bf6 42. e5 Bxe5 43. Rxe5 dxe5 44. Bd3 g5 45. Rc1+ Kd6 46. b5
Bd5 47. Rd1 Kc5 48. Rc1+ Kd4 49. Rd1 Kc3 50. Bf5 Rxh2 51. b6 Rh1 0-1

[Event "Contaud Open 2019"]
[Site "Cuiaba BRA"]
[Date "2019.06.01"]
[Round "4.5"]
[White "Brito, L."]
[Black "Barbosa, Ev"]
[Result "1/2-1/2"]
[WhiteElo "2274"]
[BlackElo "2510"]
[PlyCount "123"]
[EventDate "2019.05.31"]
[EventType "swiss"]
[EventRounds "6"]
[EventCountry "BRA"]
[SourceTitle "The Week in Chess 1282"]
[Source "Mark Crowther"]
[SourceDate "2019.06.03"]
[SourceVersion "1"]
[SourceVersionDate "2019.06.03"]
[SourceQuality "2"]

1. b3 c5 2. Bb2 d5 3. e3 Nf6 4. Nf3 a6 5. c4 e6 6. Nc3 Nc6 7. d4 cxd4 8. exd4
Be7 9. Be2 O-O 10. O-O b6 11. Ne5 Bb7 12. Bf3 Na5 13. Re1 Rc8 14. Qe2 Bb4 15.
Red1 Rc7 16. Rac1 Re8 17. Na4 dxc4 18. Bxb7 Nxb7 19. bxc4 Ba5 20. Qf3 Qc8 21.
Qb3 Nd6 22. Ba3 Nfe4 23. c5 bxc5 24. Nxc5 Bd2 25. Rc2 Bf4 26. Nf3 Nb5 27. Bb4
Rd8 28. g3 Nxc5 29. Rxc5 Bd6 30. Rxc7 Qxc7 31. a4 Na7 32. Bxd6 Rxd6 33. Rb1 Nc6
34. Qb6 Qd8 35. Qxd8+ Nxd8 36. Rb8 f6 37. Kf1 Kf7 38. Ra8 g5 39. g4 Kg6 40. h3
h5 41. Ke1 h4 42. Kd2 Nb7 43. Rg8+ Kf7 44. Rc8 Ke7 45. Kc3 Kd7 46. Rf8 Rc6+ 47.
Kd3 Ke7 48. Ra8 Rb6 49. Nd2 Nd6 50. Ra7+ Ke8 51. f3 Kd8 52. a5 Rc6 53. Nb3 Nb5
54. Ra8+ Ke7 55. Nc5 Nc7 56. Rh8 Nd5 57. Rh7+ Ke8 58. Ke4 Nc3+ 59. Kd3 Nd5 60.
Ke4 Nc3+ 61. Kd3 Nd5 62. Ke4 1/2-1/2

[Event "Contaud Open 2019"]
[Site "Cuiaba BRA"]
[Date "2019.06.02"]
[Round "5.4"]
[White "Barbosa, Ev"]
[Black "Di Berardino, D."]
[Result "1/2-1/2"]
[WhiteElo "2510"]
[BlackElo "2502"]
[PlyCount "144"]
[EventDate "2019.05.31"]
[EventType "swiss"]
[EventRounds "6"]
[EventCountry "BRA"]
[SourceTitle "The Week in Chess 1282"]
[Source "Mark Crowther"]
[SourceDate "2019.06.03"]
[SourceVersion "1"]
[SourceVersionDate "2019.06.03"]
[SourceQuality "2"]

1. e4 c5 2. Nf3 d6 3. d4 cxd4 4. Nxd4 Nf6 5. Nc3 a6 6. Be2 e5 7. Nf3 Be7 8. Bg5
Nbd7 9. a4 O-O 10. O-O b6 11. Bc4 Bb7 12. Nd2 Ne8 13. Be3 Nc7 14. Qe2 Bc6 15.
Rfd1 Qb8 16. b4 Bb7 17. Rab1 Bc6 18. Ra1 Bb7 19. Bb3 b5 20. Nf1 Bc6 21. a5 Nf6
22. Bg5 Ne6 23. Bxf6 Bxf6 24. Nd5 Bxd5 25. Bxd5 Ra7 26. Ne3 Nd4 27. Qd3 Rc7 28.
Rd2 Rfc8 29. Ra3 Bg5 30. c3 Bxe3 31. Qxe3 Nc6 32. g3 Ne7 33. Bb3 Rc6 34. Qf3
Rf8 35. Ra1 Qc7 36. Rd3 Kh8 37. Rad1 f5 38. exf5 Rxf5 39. Qe3 Rf8 40. h4 Nf5
41. Qf3 Qc8 42. Bd5 Rc7 43. Be4 g6 44. Bxf5 Qxf5 45. Qe3 Rcf7 46. R1d2 Qh5 47.
Rxd6 Rf3 48. Qc5 Qf5 49. Rd8 Rxd8 50. Rxd8+ Kg7 51. Qa7+ Kh6 52. Rd7 Kh5 53.
Rxh7+ Kg4 54. h5 g5 55. Qd7 Rxf2 56. Qxf5+ Rxf5 57. h6 Rf6 58. Kg2 Rf3 59. Ra7
Rxg3+ 60. Kf2 Rf3+ 61. Ke2 Rf6 62. h7 Rh6 63. Rxa6 Rxh7 64. Rb6 Kf4 65. Rxb5
Rh2+ 66. Ke1 Ra2 67. Rb8 e4 68. Rf8+ Ke3 69. Kf1 Kd3 70. Rg8 Kxc3 71. Rxg5 Kxb4
72. Re5 Rxa5 1/2-1/2

[Event "85th ch-BRA 2019"]
[Site "Natal BRA"]
[Date "2019.01.29"]
[Round "1.1"]
[White "Pinto, C."]
[Black "Barbosa, Ev"]
[Result "0-1"]
[WhiteElo "2136"]
[BlackElo "2515"]
[PlyCount "144"]
[EventDate "2019.01.29"]
[EventType "k.o."]
[EventRounds "4"]
[EventCountry "BRA"]
[SourceTitle "The Week in Chess 1265"]
[Source "Mark Crowther"]
[SourceDate "2019.02.04"]
[SourceVersion "1"]
[SourceVersionDate "2019.02.04"]
[SourceQuality "2"]

1. d4 Nf6 2. c4 g6 3. Nc3 d5 4. cxd5 Nxd5 5. e4 Nxc3 6. bxc3 Bg7 7. Nf3 c5 8.
Rb1 O-O 9. Be2 b6 10. O-O Qc7 11. Be3 Bb7 12. Qd3 Ba6 13. Qd2 Bxe2 14. Qxe2 e6
15. h4 Nd7 16. e5 Rae8 17. h5 gxh5 18. Nd2 f6 19. f4 cxd4 20. cxd4 Qc2 21. Rbc1
Qg6 22. Rc7 Rf7 23. Qc4 Bh6 24. d5 Nxe5 25. dxe6 Nxc4 26. exf7+ Qxf7 27. Rxf7
Nxd2 28. Bxd2 Kxf7 29. Rc1 Bf8 30. Rc7+ Re7 31. Rc8 Rd7 32. Be3 Bd6 33. Kf2 Ke6
34. Kf3 Kf5 35. a4 Bb4 36. Rc4 Ba5 37. Bd4 Ke6 38. Be3 h6 39. Rc6+ Kf5 40. Ke2
Bb4 41. Rc4 Bd6 42. Kf3 Be7 43. Rc8 Bd8 44. Rc6 Rd5 45. Rc8 Ke6 46. Rc6+ Kd7
47. Rc4 f5 48. Bd4 h4 49. Be5 h5 50. Bb8 a6 51. Be5 b5 52. axb5 axb5 53. Rc1
Rd3+ 54. Ke2 Rg3 55. Rd1+ Ke8 56. Kf1 b4 57. Rd5 Be7 58. Bd4 h3 59. gxh3 Rf3+
60. Kg2 Rxf4 61. Be3 Re4 62. Kf3 b3 63. Bc1 Rc4 64. Bb2 Rc2 65. Bh8 h4 66. Rxf5
Rh2 67. Rb5 Rxh3+ 68. Kg2 Rd3 69. Be5 Kf7 70. Bh8 Ke6 71. Ba1 h3+ 72. Kf2 Bh4+
0-1